[Event "World-chT Rapid"]
[Site "Dusseldorf"]
[Date "2023.08.28"]
[Round "10"]
[White "Braun, Kristin"]
[Black "Koch, Thomas"]
[Result "0-1"]
[WhiteElo "1906"]
[BlackElo "2426"]
[PlyCount "64"]
[EventDate "2023.08.26"]
[EventType "team-swiss (rapid)"]
[EventRounds "12"]
[EventCountry "GER"]
[SourceTitle "CBM 215 Extra"]
[Source "ChessBase"]
[SourceDate "2023.09.30"]
[SourceVersion "1"]
[SourceVersionDate "2023.09.30"]
[SourceQuality "1"]
[WhiteTeam "Bayreuth Unischach"]
[BlackTeam "Aachen"]
[WhiteTeamCountry "GER"]
[BlackTeamCountry "GER"]

1. e4 c5 2. Nf3 d6 3. d4 cxd4 4. Nxd4 Nf6 5. Nc3 a6 6. Be2 e6 7. 0-0 Be7 8. Be3 0-0 9. f4 Qc7 10. Bf3 Nc6 11. Nxc6 bxc6 12. Na4 Rb8 13. c4 c5 14. b3 Bb7 15. Nc3 Bc6 16. Qc2 Nd7 17. Rad1 Rb4 18. Rd3 Nb8 19. Rfd1 Be8 20. f5 Nc6 21. fxe6 fxe6 22. Bg4 Bd7 23. Bxc5 dxc5 24. Rxd7 Qe5 25. Ne2 Rb6 26. Qd3 h5 27. Bh3 Nb4 28. Qg3 Bf6 29. a3 Nc2 30. R7d6 Rxd6 31. Rxd6 Qa1+ 32. Kf2 Bd4# 0-1

[Event "World-chT Rapid"]
[Site "Dusseldorf"]
[Date "2023.08.28"]
[Round "11"]
[White "Koellner, Ruben Gideon"]
[Black "Koch, Thomas"]
[Result "1/2-1/2"]
[WhiteElo "2478"]
[BlackElo "2426"]
[PlyCount "161"]
[EventDate "2023.08.26"]
[EventType "team-swiss (rapid)"]
[EventRounds "12"]
[EventCountry "GER"]
[SourceTitle "CBM 215 Extra"]
[Source "ChessBase"]
[SourceDate "2023.09.30"]
[SourceVersion "1"]
[SourceVersionDate "2023.09.30"]
[SourceQuality "1"]
[WhiteTeam "Team Chessemy.com"]
[BlackTeam "Aachen"]
[WhiteTeamCountry "GER"]
[BlackTeamCountry "GER"]

1. d4 Nf6 2. Nf3 e6 3. Bg5 h6 4. Bh4 c5 5. e3 Nc6 6. c3 cxd4 7. exd4 Be7 8. Nbd2 b6 9. Bd3 Bb7 10. Bxf6 Bxf6 11. Qe2 Qc7 12. h4 g6 13. Nc4 Ne7 14. Ne3 Bg7 15. 0-0-0 0-0-0 16. Kb1 Kb8 17. Rc1 f5 18. Nc4 Nd5 19. g3 Ne7 20. Rhe1 Nc6 21. Nce5 Nxe5 22. Nxe5 Bxe5 23. Qxe5 Qxe5 24. dxe5 g5 25. hxg5 hxg5 26. Rcd1 Rh2 27. Rd2 Bc6 28. b3 Rdh8 29. Kb2 Rh1 30. Ree2 R8h2 31. a4 Rf1 32. Rc2 f4 33. gxf4 gxf4 34. Bb5 f3 35. Red2 Bxb5 36. axb5 Kc7 37. c4 Re1 38. Rd3 Rxe5 39. Rxf3 Rhh5 40. Rf7 Ref5 41. Rg7 Rhg5 42. Re7 Kd8 43. Rh7 Rh5 44. Rxh5 Rxh5 45. Rc3 a6 46. bxa6 Ra5 47. Rd3 Rxa6 48. Rd6 Ra5 49. Rxb6 Rf5 50. Rb8+ Kc7 51. Re8 Rxf2+ 52. Kc3 Rf3+ 53. Kb4 Kc6 54. Rc8+ Kb7 55. Rc5 d6 56. Rb5+ Kc6 57. Ra5 Kb6 58. Ra8 Kc6 59. Ra6+ Kc7 60. Ka4 Rf4 61. Kb5 Rf5+ 62. Kb4 Rf3 63. Ra7+ Kc6 64. Re7 Re3 65. Ka4 Re4 66. Ka3 Re3 67. Kb2 Re2+ 68. Kc3 Re3+ 69. Kc2 Kc5 70. Kb2 Re2+ 71. Ka3 Re3 72. Rc7+ Kb6 73. Rc8 Kb7 74. Rh8 Kc6 75. Rh5 Kb6 76. Kb2 Kc6 77. Kc2 d5 78. cxd5+ exd5 79. Rh8 Kc5 80. Rc8+ Kb5 81. Rc7 1/2-1/2

[Event "World-chT Rapid"]
[Site "Dusseldorf"]
[Date "2023.08.27"]
[Round "5.12"]
[White "Geshnizjani, Ramin Tobias"]
[Black "Koch, Thomas"]
[Result "0-1"]
[WhiteElo "2141"]
[BlackElo "2426"]
[PlyCount "90"]
[EventDate "2023.08.26"]
[EventType "team-swiss (rapid)"]
[EventRounds "12"]
[EventCountry "GER"]
[SourceTitle "CBM 215 Extra"]
[Source "ChessBase"]
[SourceDate "2023.09.30"]
[SourceVersion "1"]
[SourceVersionDate "2023.09.30"]
[SourceQuality "1"]
[WhiteTeam "Heilbronn Hustlers"]
[BlackTeam "Aachen"]
[WhiteTeamCountry "GER"]
[BlackTeamCountry "GER"]

1. e4 c5 2. c3 d5 3. exd5 Qxd5 4. Nf3 e6 5. d4 Nf6 6. Be3 cxd4 7. cxd4 Nc6 8. Nc3 Qd6 9. Bc4 Be7 10. 0-0 0-0 11. Qe2 b6 12. Rad1 Nb4 13. Ne5 Bb7 14. Bf4 Qd8 15. Rfe1 Nbd5 16. Bg5 Nxc3 17. bxc3 Ne4 18. Bxe7 Qxe7 19. Qe3 Rac8 20. f3 Nxc3 21. Qxc3 b5 22. Qb3 bxc4 23. Nxc4 Bd5 24. Qa3 Qg5 25. Qe3 Qh4 26. Nd6 Rc2 27. Rd2 Rc3 28. Qf2 Qe7 29. Ne4 Ra3 30. Rc2 h6 31. Rec1 Qb7 32. Rc7 Qa6 33. Nc5 Qd6 34. Ne4 Qf4 35. R7c2 Bxe4 36. fxe4 Qxe4 37. Rc7 Qd5 38. R1c2 Ra4 39. Rd2 Qd6 40. Rb7 Qc6 41. Rdb2 Qc4 42. d5 Qxd5 43. Rxa7 Qd1+ 44. Qf1 Qxf1+ 45. Kxf1 Rxa7 0-1

[Event "World-chT Rapid"]
[Site "Dusseldorf"]
[Date "2023.08.26"]
[Round "1.7"]
[White "Gumularz, Szymon"]
[Black "Koch, Thomas"]
[Result "1-0"]
[WhiteElo "2588"]
[BlackElo "2426"]
[PlyCount "141"]
[EventDate "2023.08.26"]
[EventType "team-swiss (rapid)"]
[EventRounds "12"]
[EventCountry "GER"]
[SourceTitle "CBM 215 Extra"]
[Source "ChessBase"]
[SourceDate "2023.09.30"]
[SourceVersion "1"]
[SourceVersionDate "2023.09.30"]
[SourceQuality "1"]
[WhiteTeam "Krakow Columbus Energy"]
[BlackTeam "Aachen"]
[WhiteTeamCountry "POL"]
[BlackTeamCountry "GER"]

1. e4 e5 2. Nf3 Nf6 3. Nxe5 d6 4. Nf3 Nxe4 5. d4 d5 6. Bd3 Be7 7. 0-0 0-0 8. c4 Nf6 9. Nc3 Nc6 10. cxd5 Nb4 11. Bc4 Nbxd5 12. Re1 c6 13. Bg5 Be6 14. Bb3 Re8 15. Ne5 Qb6 16. Na4 Qc7 17. Qf3 Bf8 18. Rac1 Qa5 19. h3 Qb4 20. Nd3 Qd6 21. Nac5 b6 22. Nxe6 Rxe6 23. Rxe6 fxe6 24. Bh4 Rc8 25. Re1 Re8 26. g4 Nd7 27. Bg3 Qe7 28. Kg2 Qf6 29. Qe4 Qf7 30. a3 g6 31. Rc1 Rc8 32. Ba4 c5 33. dxc5 Nxc5 34. Nxc5 Rxc5 35. Re1 Bg7 36. Bd6 Rc8 37. Qxe6 Qxe6 38. Rxe6 Kf7 39. Re2 Rd8 40. Bg3 Bh6 41. Kf3 Kg7 42. Be5+ Kf8 43. Bb3 Ne7 44. Ke4 Nc6 45. Bc3 Bg7 46. Bxg7+ Kxg7 47. Rc2 Rd4+ 48. Ke3 Rd6 49. f4 b5 50. Rd2 Rxd2 51. Kxd2 h6 52. Ke3 g5 53. fxg5 hxg5 54. Ke4 Kf6 55. Kd5 Ne5 56. Bd1 Nc4 57. Be2 Nxb2 58. Bxb5 Nd1 59. Kc6 Ke5 60. Kb7 a5 61. Kb6 Kd6 62. Kxa5 Kc5 63. a4 Nf2 64. Bf1 Ne4 65. Ka6 Kb4 66. Bb5 Nf2 67. Kb6 Nxh3 68. a5 Nf4 69. Bc6 Ng6 70. a6 Ne7 71. Bb7 1-0

[Event "World-chT Rapid"]
[Site "Dusseldorf"]
[Date "2023.08.26"]
[Round "2.11"]
[White "Solomon, Kenny"]
[Black "Koch, Thomas"]
[Result "0-1"]
[WhiteElo "2324"]
[BlackElo "2426"]
[PlyCount "66"]
[EventDate "2023.08.26"]
[EventType "team-swiss (rapid)"]
[EventRounds "12"]
[EventCountry "GER"]
[SourceTitle "CBM 215 Extra"]
[Source "ChessBase"]
[SourceDate "2023.09.30"]
[SourceVersion "1"]
[SourceVersionDate "2023.09.30"]
[SourceQuality "1"]
[WhiteTeam "Africa"]
[BlackTeam "Aachen"]
[BlackTeamCountry "GER"]

1. d4 Nf6 2. c4 e6 3. Nf3 b6 4. g3 Ba6 5. b3 Bb7 6. Bg2 Bb4+ 7. Bd2 Be7 8. 0-0 0-0 9. Nc3 d5 10. cxd5 exd5 11. Ne5 Na6 12. h4 c5 13. e3 Nc7 14. Re1 Ne6 15. dxc5 Nxc5 16. b4 Nce4 17. Ne2 Re8 18. b5 Bc5 19. Nd3 a6 20. bxa6 Bxa6 21. Nxc5 bxc5 22. Nc3 Bc4 23. a4 Ra6 24. Qc2 Nxf2 25. Kxf2 Ng4+ 26. Kg1 Qd6 27. Qf5 Qxg3 28. Qf4 Qxh4 29. e4 Rf6 30. exd5 Rf8 31. Qg5 Qf2+ 32. Kh1 Rh6+ 33. Qxh6 gxh6 0-1

[Event "BL2-West 2223"]
[Site "Germany"]
[Date "2023.03.19"]
[Round "10.2"]
[White "Koch, Thomas"]
[Black "Xu, Xianliang"]
[Result "0-1"]
[WhiteElo "2446"]
[BlackElo "2451"]
[PlyCount "76"]
[EventDate "2022.10.22"]
[EventType "team-tourn"]
[EventRounds "10"]
[EventCountry "GER"]
[SourceTitle "EXT 2024"]
[Source "ChessBase"]
[SourceDate "2023.10.10"]
[SourceVersion "1"]
[SourceVersionDate "2023.10.10"]
[SourceQuality "1"]
[WhiteTeam "Aachen SV"]
[BlackTeam "Koeln Porz"]
[WhiteTeamCountry "GER"]
[BlackTeamCountry "GER"]

1. Nf3 c5 2. c4 Nc6 3. Nc3 g6 4. g3 Bg7 5. Bg2 Nf6 6. 0-0 0-0 7. d4 cxd4 8. Nxd4 Qa5 9. Nc2 d6 10. e4 Bg4 11. f3 Be6 12. Nd5 Rac8 13. Be3 Nd7 14. Nd4 Bxd5 15. Nb3 Qa6 16. cxd5 Nb4 17. Nd4 Bxd4 18. Bxd4 Nc2 19. Rc1 Nxd4 20. Qxd4 Rxc1 21. Rxc1 Qxa2 22. b4 a5 23. Ra1 Qb3 24. bxa5 Rc8 25. f4 Rc4 26. Qd2 Nc5 27. e5 Rc2 28. Qd4 Rb2 29. Rc1 Nd3 30. Rc8+ Kg7 31. Bf1 Rb1 32. exd6+ Kh6 33. Qb6 Qd1 34. Qxb1 Qxb1 35. d7 Qe1 36. Rc2 Qe3+ 37. Kg2 Ne1+ 38. Kh3 Qf3 0-1

[Event "BL2-West 2223"]
[Site "Germany"]
[Date "2023.02.04"]
[Round "5.3"]
[White "Dubiel, Jacek"]
[Black "Koch, Thomas"]
[Result "1/2-1/2"]
[WhiteElo "2379"]
[BlackElo "2446"]
[PlyCount "53"]
[EventDate "2022.10.22"]
[EventType "team-tourn"]
[EventRounds "10"]
[EventCountry "GER"]
[SourceTitle "EXT 2024"]
[Source "ChessBase"]
[SourceDate "2023.10.10"]
[SourceVersion "1"]
[SourceVersionDate "2023.10.10"]
[SourceQuality "1"]
[WhiteTeam "Oberursel"]
[BlackTeam "Aachen SV"]
[WhiteTeamCountry "GER"]
[BlackTeamCountry "GER"]

1. e4 c5 2. Nf3 d6 3. d4 cxd4 4. Nxd4 Nf6 5. Nc3 a6 6. Be3 e5 7. Nb3 Be6 8. f4 exf4 9. Bxf4 Nc6 10. Qe2 Be7 11. h3 0-0 12. 0-0-0 Qc7 13. g4 Rfe8 14. g5 Nd7 15. Kb1 Rac8 16. Qg2 Nce5 17. h4 b5 18. Nd5 Bxd5 19. exd5 Nc4 20. Rh3 Nc5 21. Bxc4 bxc4 22. Nxc5 Qxc5 23. Be3 Qb5 24. Bd4 Bd8 25. h5 Bb6 26. Bc3 Ba5 27. Qd2 1/2-1/2

[Event "Bundesliga 2122"]
[Site "Germany"]
[Date "2022.07.08"]
[Round "12.3"]
[White "Ragger, Markus"]
[Black "Koch, Thomas"]
[Result "1/2-1/2"]
[WhiteElo "2647"]
[BlackElo "2458"]
[PlyCount "49"]
[EventDate "2022.03.05"]
[EventType "team-tourn"]
[EventRounds "15"]
[EventCountry "GER"]
[SourceTitle "CBM 209 Extra"]
[Source "ChessBase"]
[SourceDate "2022.09.30"]
[SourceVersion "1"]
[SourceVersionDate "2022.09.30"]
[SourceQuality "1"]
[WhiteTeam "Solingen"]
[BlackTeam "Aachen"]
[WhiteTeamCountry "GER"]
[BlackTeamCountry "GER"]

1. e4 e5 2. Nf3 Nf6 3. d4 Nxe4 4. Bd3 d5 5. Nxe5 Be7 6. Nc3 Nf6 7. Qf3 Nc6 8. Be3 Nb4 9. 0-0-0 Nxd3+ 10. Rxd3 Be6 11. Re1 0-0 12. Bg5 c6 13. h4 Nd7 14. Bxe7 Nxe5 15. Rxe5 Qxe7 16. Qf4 Rae8 17. Re1 Qd7 18. Rde3 f6 19. Ne2 h6 20. Qg3 b6 21. Nf4 Bf7 22. Nd3 Rxe3 23. Rxe3 Kh7 24. Qf4 Re8 25. Rxe8 1/2-1/2

[Event "Bundesliga 2122"]
[Site "Germany"]
[Date "2022.07.07"]
[Round "11.4"]
[White "Koch, Thomas"]
[Black "Korobov, Anton"]
[Result "0-1"]
[WhiteElo "2458"]
[BlackElo "2695"]
[PlyCount "142"]
[EventDate "2022.03.05"]
[EventType "team-tourn"]
[EventRounds "15"]
[EventCountry "GER"]
[SourceTitle "CBM 209 Extra"]
[Source "ChessBase"]
[SourceDate "2022.09.30"]
[SourceVersion "1"]
[SourceVersionDate "2022.09.30"]
[SourceQuality "1"]
[WhiteTeam "Aachen"]
[BlackTeam "Viernheim"]
[WhiteTeamCountry "GER"]
[BlackTeamCountry "GER"]

1. d4 Nf6 2. c4 e6 3. Nf3 d5 4. Nc3 c6 5. e3 Nbd7 6. Qc2 Bd6 7. b3 0-0 8. Be2 b6 9. 0-0 Bb7 10. Bb2 Re8 11. Rad1 Qe7 12. Rfe1 Rad8 13. Bf1 c5 14. cxd5 exd5 15. g3 a6 16. Bh3 c4 17. a4 Bb4 18. Nd2 Rc8 19. bxc4 dxc4 20. e4 Rc7 21. Bg2 Nf8 22. e5 Bxc3 23. Bxc3 Nd5 24. Ne4 Rd8 25. Nd6 Bc6 26. Bxd5 Bxd5 27. Nf5 Qe6 28. f4 Ba8 29. Ne3 Rcd7 30. Kf2 Qh6 31. h4 Ne6 32. Nf5 Qg6 33. d5 Nc5 34. d6 Qg4 35. Re3 Bc6 36. Qb1 b5 37. Nd4 Be4 38. Rxe4 Nxe4+ 39. Qxe4 Qxd1 40. axb5 axb5 41. Nxb5 Qb3 42. Qc6 Qa2+ 43. Ke3 Qh2 44. Be1 Qc2 45. Qd5 Rb8 46. Nc3 Qc1+ 47. Qd2 Qa1 48. Ke4 Rb2 49. Qe3 Qa8+ 50. Kd4 Qa7+ 51. Ke4 Qb7+ 52. Kf5 Qc8 53. Ke4 Qc6+ 54. Kf5 Rdb7 55. Kg5 h6+ 56. Kh5 Qe8 57. Kg4 g6 58. f5 gxf5+ 59. Kxf5 Qe6+ 60. Kf4 f6 61. Qe4 fxe5+ 62. Ke3 Rd7 63. Qa8+ Kg7 64. Ne4 Qg4 65. Qg8+ Kxg8 66. Nf6+ Kf7 67. Nxg4 Ke6 68. Nxe5 Kxe5 69. Bc3+ Kf5 70. Bxb2 Rxd6 71. Bd4 Kg4 0-1

[Event "Bundesliga 2122"]
[Site "Germany"]
[Date "2022.04.30"]
[Round "5.8"]
[White "Fridman, Daniel"]
[Black "Koch, Thomas"]
[Result "1-0"]
[WhiteElo "2628"]
[BlackElo "2458"]
[PlyCount "139"]
[EventDate "2022.03.05"]
[EventType "team-tourn"]
[EventRounds "15"]
[EventCountry "GER"]
[SourceTitle "EXT 2023"]
[Source "ChessBase"]
[SourceDate "2022.10.05"]
[SourceVersion "1"]
[SourceVersionDate "2022.10.05"]
[SourceQuality "1"]
[WhiteTeam "Muelheim Nord"]
[BlackTeam "Aachen"]
[WhiteTeamCountry "GER"]
[BlackTeamCountry "GER"]

1. d4 Nf6 2. c4 e6 3. Nc3 Bb4 4. e3 0-0 5. Bd2 d5 6. Nf3 c5 7. a3 Bxc3 8. Bxc3 cxd4 9. Nxd4 Re8 10. cxd5 Nxd5 11. Rc1 a6 12. Be2 b6 13. 0-0 Bb7 14. Bd2 e5 15. Nf5 Nc6 16. Qb3 Nce7 17. Ng3 Rc8 18. a4 Qd6 19. Bf3 Qe6 20. Rfd1 Red8 21. Rxc8 Rxc8 22. e4 Nf4 23. Qxe6 Nxe6 24. Bc3 Nc6 25. Bg4 Rc7 26. Bxe6 fxe6 27. f3 Kf7 28. Nf1 b5 29. axb5 axb5 30. b4 Ke7 31. Kf2 Rd7 32. Rc1 Kf7 33. Nd2 Ba8 34. Ra1 Rd3 35. Rc1 Nd4 36. Nf1 Kf6 37. h4 Nb3 38. Rc2 Nd4 39. Rc1 Nb3 40. Rc2 Nd4 41. Bxd4 exd4 42. Rc5 Rb3 43. Rxb5 Rb2+ 44. Kg3 Bc6 45. Rb6 Ba4 46. Kf4 Rxg2 47. Rd6 Rf2 48. Ng3 Bd1 49. Nh5+ Kg6 50. Rxd4 Rxf3+ 51. Ke5 Kxh5 52. Rxd1 Rb3 53. Rd4 Kxh4 54. Kxe6 Kg5 55. e5 Re3 56. b5 Rb3 57. Rd5 h5 58. Kd7 Re3 59. e6+ Kf6 60. Rd6 h4 61. b6 h3 62. b7 h2 63. b8Q h1Q 64. e7+ Kg5 65. Qb5+ Kf4 66. Rd4+ Kg3 67. Qg5+ Kf2 68. Rd2+ Re2 69. Rxe2+ Kxe2 70. e8Q+ 1-0

[Event "Bundesliga 2122"]
[Site "Germany"]
[Date "2022.03.05"]
[Round "1.1"]
[White "Koch, Thomas"]
[Black "Lupulescu, Constantin"]
[Result "0-1"]
[WhiteElo "2458"]
[BlackElo "2622"]
[PlyCount "74"]
[EventDate "2022.03.05"]
[EventType "team-tourn"]
[EventRounds "15"]
[EventCountry "GER"]
[SourceTitle "EXT 2023"]
[Source "ChessBase"]
[SourceDate "2022.10.05"]
[SourceVersion "1"]
[SourceVersionDate "2022.10.05"]
[SourceQuality "1"]
[WhiteTeam "Aachen"]
[BlackTeam "Kiel Turm"]
[WhiteTeamCountry "GER"]
[BlackTeamCountry "GER"]

1. d4 Nf6 2. c4 e6 3. Nf3 d5 4. Nc3 Nbd7 5. cxd5 exd5 6. Bg5 c6 7. e3 h6 8. Bh4 g5 9. Bg3 Nh5 10. Bd3 Nxg3 11. fxg3 Bg7 12. 0-0 Nb6 13. Nd2 Qe7 14. Qf3 0-0 15. g4 Bxg4 16. Qg3 Rae8 17. Rae1 Bc8 18. Bf5 Bxf5 19. Rxf5 Nc8 20. h4 Nd6 21. Rff1 f5 22. hxg5 hxg5 23. Nf3 g4 24. Nh4 Rf6 25. Nd1 Qf7 26. Nf2 Qh5 27. Qh2 Rh6 28. g3 Bf6 29. Kg2 Bxh4 30. Rh1 Nc4 31. Nd1 f4 32. Qxh4 Qxh4 33. gxh4 Rhe6 34. h5 Nxe3+ 35. Nxe3 Rxe3 36. Rxe3 Rxe3 37. Rh4 f3+ 0-1

[Event "Bundesliga 1920"]
[Site "Germany"]
[Date "2021.10.13"]
[Round "13.2"]
[White "Abergel, Thal"]
[Black "Koch, Thomas"]
[Result "0-1"]
[WhiteElo "2469"]
[BlackElo "2474"]
[PlyCount "96"]
[EventDate "2019.11.23"]
[EventType "team-tourn"]
[EventRounds "15"]
[EventCountry "GER"]
[SourceTitle "EXT 2022"]
[Source "ChessBase"]
[SourceDate "2021.10.06"]
[SourceVersion "1"]
[SourceVersionDate "2021.10.06"]
[SourceQuality "1"]
[WhiteTeam "Viernheim"]
[BlackTeam "Aachen"]
[WhiteTeamCountry "GER"]
[BlackTeamCountry "GER"]

1. e4 c5 2. Nc3 Nc6 3. Bb5 g6 4. Bxc6 dxc6 5. d3 Nf6 6. f4 Bg7 7. Nf3 0-0 8. 0-0 Ne8 9. Qe1 Nd6 10. Qh4 f5 11. e5 Nb5 12. Nxb5 cxb5 13. Be3 b6 14. d4 cxd4 15. Nxd4 Bb7 16. Qf2 Qd7 17. Rfd1 Rfd8 18. Rd2 Bd5 19. Rad1 e6 20. b3 b4 21. a3 Bf8 22. axb4 Bxb4 23. Rd3 Qe8 24. c3 Bf8 25. R3d2 b5 26. b4 Rdc8 27. Ne2 a5 28. bxa5 Rxa5 29. Bd4 Qc6 30. h4 Be7 31. Be3 Rca8 32. h5 Ra1 33. Rxa1 Rxa1+ 34. Kh2 Qc4 35. Nd4 gxh5 36. Rb2 Rf1 37. Qg3+ Kf7 38. Qh3 h4 39. Nxf5 Qxc3 40. Qg4 exf5 41. Qxf5+ Ke8 42. Qh5+ Bf7 43. Qe2 Qc4 44. Qd2 Be6 45. Qa5 b4 46. Qa8+ Kf7 47. Qh8 Qe4 48. Rxb4 Qg6 0-1

[Event "Bundesliga 1920 final"]
[Site "Karlsruhe"]
[Date "2020.09.19"]
[Round "5.2"]
[White "Koch, Thomas"]
[Black "Fedorchuk, Sergey A"]
[Result "0-1"]
[WhiteElo "2461"]
[BlackElo "2615"]
[PlyCount "72"]
[EventDate "2020.09.16"]
[EventType "team-tourn"]
[EventRounds "7"]
[EventCountry "GER"]
[SourceTitle "CBM 198 Extra"]
[Source "ChessBase"]
[SourceDate "2020.11.30"]
[SourceVersion "1"]
[SourceVersionDate "2020.11.30"]
[SourceQuality "1"]
[WhiteTeam "Aachen"]
[BlackTeam "Viernheim"]
[WhiteTeamCountry "GER"]
[BlackTeamCountry "GER"]

1. d4 Nf6 2. c4 e6 3. Nf3 b6 4. g3 Ba6 5. b3 c6 6. Bg2 Bb4+ 7. Bd2 Be7 8. Bc3 d5 9. Nbd2 Nbd7 10. 0-0 Rc8 11. a4 0-0 12. a5 Bb7 13. Ra2 Qc7 14. Qb1 c5 15. a6 Ba8 16. Rd1 Rfd8 17. Ra1 Qb8 18. Qb2 dxc4 19. bxc4 cxd4 20. Nxd4 Bc5 21. Nb5 Ng4 22. Bd4 Bxg2 23. Kxg2 e5 24. Bxc5 Nxc5 25. h3 Nf6 26. Qa3 Ne6 27. Nf3 e4 28. Nfd4 Nxd4 29. Nxd4 Rxc4 30. Nb5 Rc5 31. Nxa7 Re8 32. Qb4 Qxa7 33. Rd6 b5 34. Qd4 Rc7 35. Qxa7 Rxa7 36. Rb6 h6 0-1

[Event "GER-ch Blitz"]
[Site "Magdeburg"]
[Date "2020.08.15"]
[Round "20"]
[White "Baskin, Robert"]
[Black "Koch, Thomas"]
[Result "1/2-1/2"]
[WhiteElo "2390"]
[BlackElo "2461"]
[PlyCount "28"]
[EventDate "2020.08.15"]
[EventType "tourn (blitz)"]
[EventRounds "29"]
[EventCountry "GER"]
[EventCategory "6"]
[SourceTitle "CBM 197 Extra"]
[Source "ChessBase"]
[SourceDate "2020.09.30"]
[SourceVersion "1"]
[SourceVersionDate "2020.09.30"]
[SourceQuality "1"]

1. e4 c5 2. Nf3 d6 3. Bb5+ Bd7 4. Bxd7+ Qxd7 5. c4 Nc6 6. Nc3 g6 7. d4 cxd4 8. Nxd4 Bg7 9. Be3 Nf6 10. f3 0-0 11. 0-0 Rac8 12. b3 b6 13. Qd2 Qb7 14. Rac1 Rfe8 1/2-1/2

[Event "GER-ch Blitz"]
[Site "Magdeburg"]
[Date "2020.08.15"]
[Round "6"]
[White "Berger, Steve"]
[Black "Koch, Thomas"]
[Result "0-1"]
[WhiteElo "2408"]
[BlackElo "2461"]
[PlyCount "76"]
[EventDate "2020.08.15"]
[EventType "tourn (blitz)"]
[EventRounds "29"]
[EventCountry "GER"]
[EventCategory "6"]
[SourceTitle "CBM 197 Extra"]
[Source "ChessBase"]
[SourceDate "2020.09.30"]
[SourceVersion "1"]
[SourceVersionDate "2020.09.30"]
[SourceQuality "1"]

1. e4 c5 2. Nc3 Nc6 3. Nge2 g6 4. d4 cxd4 5. Nxd4 Bg7 6. Be3 d6 7. Qd2 Nf6 8. f3 0-0 9. Bc4 Bd7 10. h4 h5 11. Bb3 Na5 12. Bh6 Rc8 13. Bxg7 Kxg7 14. 0-0-0 Rc5 15. Kb1 b5 16. Rhe1 Nc4 17. Bxc4 bxc4 18. Qf2 Qa5 19. Ka1 Rb8 20. Rb1 e5 21. Nde2 Be6 22. Red1 Qa6 23. Qe3 Rb6 24. Rd2 Rcc6 25. Rg1 Qa5 26. Rdd1 Qb4 27. Rb1 Rb8 28. Qd2 Qb6 29. Rgd1 Qa6 30. Re1 Nd7 31. Nc1 Nc5 32. a3 Qa5 33. N1a2 Rcb6 34. Red1 Qa6 35. Nd5 Bxd5 36. Qxd5 Ne6 37. Qd2 Nd4 38. Qc3 Rb3 0-1

[Event "GER-ch Blitz"]
[Site "Magdeburg"]
[Date "2020.08.15"]
[Round "18"]
[White "Braun, Georg"]
[Black "Koch, Thomas"]
[Result "0-1"]
[WhiteElo "2360"]
[BlackElo "2461"]
[PlyCount "118"]
[EventDate "2020.08.15"]
[EventType "tourn (blitz)"]
[EventRounds "29"]
[EventCountry "GER"]
[EventCategory "6"]
[SourceTitle "CBM 197 Extra"]
[Source "ChessBase"]
[SourceDate "2020.09.30"]
[SourceVersion "1"]
[SourceVersionDate "2020.09.30"]
[SourceQuality "1"]

1. e4 c5 2. Nf3 d6 3. d4 cxd4 4. Nxd4 Nf6 5. Nc3 a6 6. h3 e5 7. Nde2 Be7 8. g4 h6 9. Bg2 b5 10. 0-0 Nbd7 11. Ng3 g6 12. Nd5 Nxd5 13. exd5 Nb6 14. f4 exf4 15. Bxf4 Nc4 16. a4 Rb8 17. axb5 axb5 18. b3 Qb6+ 19. Kh1 Ne3 20. Bxe3 Qxe3 21. Qe1 Qxe1 22. Rfxe1 Rb7 23. Ra8 0-0 24. Kh2 Rc7 25. Re2 Bf6 26. Be4 Be5 27. Kg2 Rc3 28. Bd3 Bb7 29. Rxf8+ Kxf8 30. Ne4 Bxd5 31. Kf1 Rc7 32. Bxb5 Bxe4 33. Rxe4 Rxc2 34. Rc4 Rb2 35. Rc8+ Kg7 36. Bc4 Rd2 37. Rd8 Rd4 38. Rd7 Rf4+ 39. Ke2 Kf8 40. Rc7 Ke8 41. Rc6 Kd7 42. Ra6 Re4+ 43. Kf3 Rf4+ 44. Ke3 g5 45. Ra7+ Ke8 46. Ra8+ Ke7 47. Ra7+ Kf8 48. Ra8+ Kg7 49. Rd8 Bd4+ 50. Kd3 Bc5 51. Rd7 Kf8 52. Rb7 d5 53. Bb5 Rf3+ 54. Ke2 Rxb3 55. Bc6 Re3+ 56. Kd2 d4 57. Bd5 Be7 58. Rb8+ Kg7 59. Re8 Bb4+ 0-1

[Event "GER-ch Blitz"]
[Site "Magdeburg"]
[Date "2020.08.15"]
[Round "19"]
[White "Koch, Thomas"]
[Black "Ehmann, Thilo"]
[Result "1/2-1/2"]
[WhiteElo "2461"]
[BlackElo "2329"]
[PlyCount "143"]
[EventDate "2020.08.15"]
[EventType "tourn (blitz)"]
[EventRounds "29"]
[EventCountry "GER"]
[EventCategory "6"]
[SourceTitle "CBM 197 Extra"]
[Source "ChessBase"]
[SourceDate "2020.09.30"]
[SourceVersion "1"]
[SourceVersionDate "2020.09.30"]
[SourceQuality "1"]

1. d4 Nf6 2. c4 g6 3. Nc3 Bg7 4. e4 0-0 5. f3 d6 6. Be3 c5 7. Nge2 Nc6 8. d5 Ne5 9. Ng3 e6 10. Be2 b5 11. Nxb5 exd5 12. exd5 Re8 13. Qd2 h5 14. 0-0 h4 15. Nh1 h3 16. g3 a6 17. Nc3 Rb8 18. Rfe1 Qd7 19. Bf4 Nh5 20. Bg5 Qf5 21. f4 f6 22. fxe5 fxg5 23. Bd3 Qg4 24. Nf2 Qd4 25. e6 Rxb2 26. Qxb2 Qxc3 27. Qxc3 Bxc3 28. Rac1 Bxe1 29. Rxe1 Kg7 30. Ne4 Bxe6 31. Nxd6 Rd8 32. Rxe6 Rb8 33. Rxg6+ Kf8 34. Rxg5 Nf6 35. Rf5 Ke7 36. Ne4 Ng4 37. Rf1 Rb2 38. Nf2 Ne5 39. Re1 Kd6 40. Ne4+ Kc7 41. Be2 Kb6 42. g4 Rxa2 43. g5 Rb2 44. Nc3 Rc2 45. Na4+ Kc7 46. Nxc5 a5 47. Nd3 Nxc4 48. Rc1 Rxc1+ 49. Nxc1 Ne5 50. Nd3 Ng6 51. Bh5 Nh4 52. Bg4 Kd6 53. Bxh3 Kxd5 54. Bg4 Kd4 55. Nc1 Ke3 56. Bh5 Kf4 57. g6 Nf5 58. Bd1 Kg5 59. Bc2 Ng7 60. Bd3 a4 61. Na2 Ne6 62. Kf2 Kf6 63. Ke3 Nc5 64. Bc2 a3 65. h4 Kg7 66. h5 Kh6 67. Kf4 Kxh5 68. Ke5 Kh6 69. Kf6 Nd7+ 70. Ke7 Ne5 71. Kf6 Nxg6 72. Bxg6 1/2-1/2

[Event "GER-ch Blitz"]
[Site "Magdeburg"]
[Date "2020.08.15"]
[Round "1"]
[White "Koch, Thomas"]
[Black "Svane, Frederik"]
[Result "0-1"]
[WhiteElo "2461"]
[BlackElo "2421"]
[PlyCount "74"]
[EventDate "2020.08.15"]
[EventType "tourn (blitz)"]
[EventRounds "29"]
[EventCountry "GER"]
[EventCategory "6"]
[SourceTitle "CBM 197 Extra"]
[Source "ChessBase"]
[SourceDate "2020.09.30"]
[SourceVersion "1"]
[SourceVersionDate "2020.09.30"]
[SourceQuality "1"]

1. d4 Nf6 2. c4 e6 3. Nf3 b6 4. g3 Bb4+ 5. Bd2 Be7 6. Bg2 c6 7. 0-0 0-0 8. Qc2 d5 9. Bf4 Bb7 10. Nbd2 Nh5 11. Be3 Nf6 12. Rac1 Nbd7 13. Rfd1 Rc8 14. Bg5 h6 15. Bf4 Nh5 16. Ne5 Nxf4 17. gxf4 c5 18. Nxd7 Qxd7 19. Nf3 cxd4 20. Rxd4 Bf6 21. Rdd1 Qc7 22. Qa4 dxc4 23. Rd7 Qxf4 24. e3 Qb8 25. Qc2 Bc6 26. Rdd1 b5 27. Qe2 Rfd8 28. Rxd8+ Rxd8 29. h3 Qd6 30. a3 Qd3 31. Qe1 Bxb2 32. Rb1 Bxf3 33. Bxf3 c3 34. Be2 Qd2 35. Qf1 c2 36. Rxb2 c1Q 37. Rxd2 Qxf1+ 0-1